000 00686nam a2200229Ia 4500
001 8633
003 GE_BSU
008 181216s||||||||xx |||||||||||||| ||und||
040 _cGE_BSU
080 _a821.353.1-32
100 _aზარიძე, ელისო
245 _aთოჯინამ ლაპარაკი არ იცის
245 _bმოთხრობები.
260 _aთბილისი.
260 _bმერანი.
260 _c1988
300 _a112 გვ; 19 სმ.
541 _h3ლ.
653 _aთოჯინამ ლაპარაკი არ იცის
653 _aმოთხრობები.
942 _cBK
999 _c41949
_d41949